Junge weibliche Singles. Schrittmacher im Werte-Wandel?
Nová žena v systéme hodnotových orientácií. Presun v hodnotách v prospech sebarozvoja. Sebarealizácia a emancipácia, vnútorná autonómia a osobná aktivita. Základné typy "novej ženy". 1. rodinne orientovaná, 2. profesne orientovaná a 3. kultúrne orientovaná. Charakteristiky profesne orientovanej ženy...
Gespeichert in:
| 1. Verfasser: | |
|---|---|
| Format: | Buchkapitel |
| Sprache: | Deutsch |
| Schlagworte: | |
| Tags: |
Keine Tags, Fügen Sie das erste Tag hinzu!
|
MARC
| LEADER | 00000naa a2200000 4500 | ||
|---|---|---|---|
| 001 | r007450 | ||
| 005 | 20221130103622.4 | ||
| 041 | 0 | |a ger | |
| 044 | |a DE | ||
| 245 | 1 | 0 | |a Junge weibliche Singles. |b Schrittmacher im Werte-Wandel? |c M. Hintze |
| 520 | |a Nová žena v systéme hodnotových orientácií. Presun v hodnotách v prospech sebarozvoja. Sebarealizácia a emancipácia, vnútorná autonómia a osobná aktivita. Základné typy "novej ženy". 1. rodinne orientovaná, 2. profesne orientovaná a 3. kultúrne orientovaná. Charakteristiky profesne orientovanej ženy - pripravenosť na riziko, mobilita. Význam poznania uvedených cieľových skupín pre marketing. | ||
| 610 | 2 | 0 | |a osobnosť |
| 610 | 2 | 0 | |a ženy |
| 610 | 2 | 0 | |a práca žien |
| 610 | 2 | 0 | |a marketing |
| 610 | 2 | 0 | |a aktivita pracovná |
| 610 | 2 | 0 | |a riziko |
| 610 | 2 | 0 | |a sebarealizácia |
| 100 | 1 | |a Hintze, M. | |